<?xml version="1.0" encoding="UTF-8"?>
<record
    xmlns:xsi="http://www.w3.org/2001/XMLSchema-instance"
    xsi:schemaLocation="http://www.loc.gov/MARC21/slim http://www.loc.gov/standards/marcxml/schema/MARC21slim.xsd"
    xmlns="http://www.loc.gov/MARC21/slim">

  <leader>01705nam a22002897a 4500</leader>
  <controlfield tag="003">NALT</controlfield>
  <controlfield tag="005">20240716110509.0</controlfield>
  <controlfield tag="008">230619b        th ||||| |||| 00| 0 tha d</controlfield>
  <datafield tag="040" ind1=" " ind2=" ">
    <subfield code="a">NALT</subfield>
  </datafield>
  <datafield tag="050" ind1=" " ind2=" ">
    <subfield code="a">DS 589.Ph4</subfield>
    <subfield code="b">&#xE27;394&#xE21; 2561</subfield>
  </datafield>
  <datafield tag="110" ind1="2" ind2=" ">
    <subfield code="9">61057</subfield>
    <subfield code="a">&#xE2A;&#xE33;&#xE19;&#xE31;&#xE01;&#xE07;&#xE32;&#xE19;&#xE27;&#xE31;&#xE12;&#xE19;&#xE18;&#xE23;&#xE23;&#xE21;&#xE08;&#xE31;&#xE07;&#xE2B;&#xE27;&#xE31;&#xE14;&#xE40;&#xE1E;&#xE0A;&#xE23;&#xE1A;&#xE39;&#xE23;&#xE13;&#xE4C;</subfield>
  </datafield>
  <datafield tag="245" ind1="1" ind2="0">
    <subfield code="a">&#xE40;&#xE21;&#xE37;&#xE2D;&#xE07;&#xE42;&#xE1A;&#xE23;&#xE32;&#xE13;&#xE28;&#xE23;&#xE35;&#xE40;&#xE17;&#xE1E; &#xE2A;&#xE39;&#xE48;&#xE21;&#xE23;&#xE14;&#xE01;&#xE42;&#xE25;&#xE01; : </subfield>
    <subfield code="b">Sithep ancient city to world heritage /</subfield>
    <subfield code="c">&#xE2A;&#xE33;&#xE19;&#xE31;&#xE01;&#xE07;&#xE32;&#xE19;&#xE27;&#xE31;&#xE12;&#xE19;&#xE18;&#xE23;&#xE23;&#xE21;&#xE08;&#xE31;&#xE07;&#xE2B;&#xE27;&#xE31;&#xE14;&#xE40;&#xE1E;&#xE0A;&#xE23;&#xE1A;&#xE39;&#xE23;&#xE13;&#xE4C;.</subfield>
  </datafield>
  <datafield tag="246" ind1="1" ind2="4">
    <subfield code="a">&#xE40;&#xE21;&#xE37;&#xE2D;&#xE07;&#xE42;&#xE1A;&#xE23;&#xE32;&#xE13;&#xE28;&#xE23;&#xE35;&#xE40;&#xE17;&#xE1E; &#xE2A;&#xE39;&#xE48;&#xE21;&#xE23;&#xE14;&#xE01;&#xE42;&#xE25;&#xE01; Sithep ancient city to world heritage.</subfield>
  </datafield>
  <datafield tag="250" ind1=" " ind2=" ">
    <subfield code="a">&#xE1E;&#xE34;&#xE21;&#xE1E;&#xE4C;&#xE04;&#xE23;&#xE31;&#xE49;&#xE07;&#xE41;&#xE23;&#xE01;.</subfield>
  </datafield>
  <datafield tag="260" ind1=" " ind2=" ">
    <subfield code="a">&#xE01;&#xE23;&#xE38;&#xE07;&#xE40;&#xE17;&#xE1E;&#xE2F; :</subfield>
    <subfield code="b">&#xE42;&#xE23;&#xE07;&#xE1E;&#xE34;&#xE21;&#xE1E;&#xE4C;&#xE2D;&#xE31;&#xE01;&#xE29;&#xE23;&#xE2A;&#xE31;&#xE21;&#xE1E;&#xE31;&#xE19;&#xE18;&#xE4C; (1987),</subfield>
    <subfield code="c">2561.</subfield>
  </datafield>
  <datafield tag="300" ind1=" " ind2=" ">
    <subfield code="a">120 &#xE2B;&#xE19;&#xE49;&#xE32; :</subfield>
    <subfield code="b">&#xE20;&#xE32;&#xE1E;&#xE1B;&#xE23;&#xE30;&#xE01;&#xE2D;&#xE1A; ;</subfield>
    <subfield code="c">22 &#xE0B;&#xE21;.</subfield>
  </datafield>
  <datafield tag="650" ind1=" " ind2="4">
    <subfield code="9">61063</subfield>
    <subfield code="a">&#xE40;&#xE21;&#xE37;&#xE2D;&#xE07;&#xE42;&#xE1A;&#xE23;&#xE32;&#xE13;</subfield>
    <subfield code="z">&#xE40;&#xE1E;&#xE0A;&#xE23;&#xE1A;&#xE39;&#xE23;&#xE13;&#xE4C;</subfield>
  </datafield>
  <datafield tag="651" ind1=" " ind2="4">
    <subfield code="9">61064</subfield>
    <subfield code="a">&#xE40;&#xE1E;&#xE0A;&#xE23;&#xE1A;&#xE39;&#xE23;&#xE13;&#xE4C;</subfield>
    <subfield code="x">&#xE1B;&#xE23;&#xE30;&#xE27;&#xE31;&#xE15;&#xE34;&#xE28;&#xE32;&#xE2A;&#xE15;&#xE23;&#xE4C;</subfield>
  </datafield>
  <datafield tag="651" ind1=" " ind2="4">
    <subfield code="9">61067</subfield>
    <subfield code="a">&#xE28;&#xE23;&#xE35;&#xE40;&#xE17;&#xE1E; (&#xE40;&#xE1E;&#xE0A;&#xE23;&#xE1A;&#xE39;&#xE23;&#xE13;&#xE4C;) </subfield>
    <subfield code="x">&#xE1B;&#xE23;&#xE30;&#xE27;&#xE31;&#xE15;&#xE34;&#xE28;&#xE32;&#xE2A;&#xE15;&#xE23;&#xE4C;</subfield>
  </datafield>
  <datafield tag="651" ind1=" " ind2="4">
    <subfield code="9">61066</subfield>
    <subfield code="a">&#xE28;&#xE23;&#xE35;&#xE40;&#xE17;&#xE1E; (&#xE40;&#xE1E;&#xE0A;&#xE23;&#xE1A;&#xE39;&#xE23;&#xE13;&#xE4C;) </subfield>
    <subfield code="x">&#xE42;&#xE1A;&#xE23;&#xE32;&#xE13;&#xE2A;&#xE16;&#xE32;&#xE19; </subfield>
  </datafield>
  <datafield tag="651" ind1=" " ind2="4">
    <subfield code="a">&#xE2D;&#xE38;&#xE17;&#xE22;&#xE32;&#xE19;&#xE1B;&#xE23;&#xE30;&#xE27;&#xE31;&#xE15;&#xE34;&#xE28;&#xE32;&#xE2A;&#xE15;&#xE23;&#xE4C;&#xE28;&#xE23;&#xE35;&#xE40;&#xE17;&#xE1E; (&#xE40;&#xE1E;&#xE0A;&#xE23;&#xE1A;&#xE39;&#xE23;&#xE13;&#xE4C;)</subfield>
    <subfield code="9">64352</subfield>
  </datafield>
  <datafield tag="850" ind1=" " ind2=" ">
    <subfield code="a">NALT</subfield>
  </datafield>
  <datafield tag="942" ind1=" " ind2=" ">
    <subfield code="c">GB</subfield>
    <subfield code="2">lcc</subfield>
  </datafield>
  <datafield tag="996" ind1=" " ind2=" ">
    <subfield code="a">chunbijaya.r</subfield>
    <subfield code="b">CATSTF	</subfield>
    <subfield code="c">2023-06-19</subfield>
  </datafield>
  <datafield tag="996" ind1=" " ind2=" ">
    <subfield code="a">saiphon.d</subfield>
    <subfield code="b">CATSTF	</subfield>
    <subfield code="c">2023-06-20</subfield>
  </datafield>
  <datafield tag="999" ind1=" " ind2=" ">
    <subfield code="c">102304</subfield>
    <subfield code="d">102304</subfield>
  </datafield>
  <datafield tag="998" ind1=" " ind2=" ">
    <subfield code="j">104</subfield>
    <subfield code="k"> &#xE19;&#xE32;&#xE07;&#xE2A;&#xE32;&#xE27;&#xE2A;&#xE32;&#xE22;&#xE1D;&#xE19;  &#xE14;&#xE35;&#xE07;&#xE32;&#xE21;</subfield>
  </datafield>
  <datafield tag="952" ind1=" " ind2=" ">
    <subfield code="0">0</subfield>
    <subfield code="1">0</subfield>
    <subfield code="2">lcc</subfield>
    <subfield code="4">0</subfield>
    <subfield code="7">0</subfield>
    <subfield code="8">CGBL</subfield>
    <subfield code="a">NALT</subfield>
    <subfield code="b">NALT</subfield>
    <subfield code="c">GEN</subfield>
    <subfield code="d">2023-06-19</subfield>
    <subfield code="o">DS 589.Ph4 &#xE27;394&#xE21; 2561</subfield>
    <subfield code="p">3961223222</subfield>
    <subfield code="r">2023-08-16 00:00:00</subfield>
    <subfield code="w">2023-06-19</subfield>
    <subfield code="y">GB</subfield>
  </datafield>
</record>
